NBA Players by Letter - J - Statistics

General Stats
  • This quiz has been taken 26 times
  • The average score is 13 of 21
Answer Stats
Team Answer % Correct
Kings Justin James
95%
Lakers LeBron James
95%
Pacers Alize Johnson
76%
Magic BJ Johnson
76%
Suns Cameron Johnson
76%
Timberwolves James Johnson
76%
Spurs Keldon Johnson
76%
Raptors Stanley Johnson
76%
Pelicans Frank Jackson
71%
Grizzlies Jaren Jackson Jr.
71%
Grizzlies Josh Jackson
71%
Mavericks Justin Jackson
71%
Clippers Reggie Jackson
71%
Hawks Damian Jones
67%
Heat Derrick Jones Jr.
67%
Grizzlies Tyus Jones
67%
Nets DeAndre Jordan
52%
Nuggets Nikola Jokic
52%
Kings Cory Joseph
14%
Suns Ty Jerome
14%
Kings DaQuan Jeffries
10%
No matching quizzes found
Score Distribution
Percent of People with Each Score
Percentile by Number Answered
Your Score History
You have not taken this quiz